Discovering Our Past: A History of the World-Early Ages / (Record no. 6162)

MARC details
000 -LEADER
fixed length control field 00751nam a22002177a 4500
001 - CONTROL NUMBER
control field 6162
003 - CONTROL NUMBER IDENTIFIER
control field FISKH
005 - DATE AND TIME OF LATEST TRANSACTION
control field 20250321104532.0
008 - FIXED-LENGTH DATA ELEMENTS--GENERAL INFORMATION
fixed length control field 250321b cb ||||| |||| 00| 0 eng d
020 ## - INTERNATIONAL STANDARD BOOK NUMBER
International Standard Book Number 9780076647576
040 ## - CATALOGING SOURCE
Original cataloging agency FISKH
Language of cataloging eng
Transcribing agency FISKH
Modifying agency FISKH
050 ## - LIBRARY OF CONGRESS CALL NUMBER
Classification number PZ7
082 ## - DEWEY DECIMAL CLASSIFICATION NUMBER
Classification number 900
100 ## - MAIN ENTRY--PERSONAL NAME
Personal name Spielvogel, Jackson J.
245 ## - TITLE STATEMENT
Title Discovering Our Past: A History of the World-Early Ages /
Statement of responsibility, etc. By Jackson J.Spielvogel, Ph.D.
260 ## - PUBLICATION, DISTRIBUTION, ETC.
Place of publication, distribution, etc. New York :
Name of publisher, distributor, etc. McGraw-Hill Education ;
Date of publication, distribution, etc. 2014.
300 ## - PHYSICAL DESCRIPTION
Extent 757 pages :
Other physical details color illustrations, maps ;
Dimensions 29 cm .
520 ## - SUMMARY, ETC.
Summary, etc. Connect to core World History content with an accessible, student-friendly text built on the principles of Understanding by Design.
942 ## - ADDED ENTRY ELEMENTS (KOHA)
Source of classification or shelving scheme Dewey Decimal Classification
Koha item type Books
Suppress in OPAC No
Holdings
Withdrawn status Lost status Source of classification or shelving scheme Damaged status Not for loan Collection Home library Current library Shelving location Date acquired Total Checkouts Full call number Barcode Date last seen Price effective from Koha item type
    Dewey Decimal Classification     Non-Fiction Footprints International School Library Network Toul Tom Poung Campus Footprints International School Library Network Toul Tom Poung Campus TTP Secondary Non-Fiction Bookshelves 03/21/2025   SPI PZ 900 2025-0798 03/21/2025 03/21/2025 Books